[Event "Mittelfranken-chTB2b 1920"]
[Site "Mittelfranken"]
[Date "2020.02.16"]
[Round "6.3"]
[White "Guttenberger, Roland"]
[Black "Duong, Ba Duc"]
[Result "1/2-1/2"]
[WhiteElo "1868"]
[BlackElo "1765"]
[PlyCount "81"]
[EventDate "2019.10.13"]
[EventType "team-tourn"]
[EventRounds "9"]
[EventCountry "GER"]
[SourceTitle "EXT 2023"]
[Source "ChessBase"]
[SourceDate "2022.10.05"]
[SourceVersion "1"]
[SourceVersionDate "2022.10.05"]
[SourceQuality "1"]
[WhiteTeam "Stein SC"]
[BlackTeam "Nuernberg SK 1911 II"]
[WhiteTeamCountry "GER"]
[BlackTeamCountry "GER"]

1. e4 e6 2. d4 d5 3. e5 c5 4. c3 Nc6 5. Nf3 Qb6 6. a3 Bd7 7. b4 cxd4 8. cxd4 f6 9. Be3 fxe5 10. Nxe5 Nxe5 11. dxe5 Qc7 12. Bd4 Ne7 13. Nd2 Rc8 14. Nf3 Nf5 15. Bb2 Qc2 16. Qxc2 Rxc2 17. Rb1 g6 18. Bd3 Rc7 19. 0-0 Bh6 20. g4 Ne7 21. Nd4 0-0 22. Kg2 a6 23. Nb3 Bf4 24. Rfe1 Rfc8 25. h3 Kf7 26. Kf3 g5 27. Re2 h6 28. h4 Be8 29. hxg5 Bxg5 30. Nc5 Bd7 31. Nxb7 Rxb7 32. Bxa6 Rbc7 33. Bxc8 Rxc8 34. Kg3 Ng6 35. Bd4 Bb5 36. Ra2 Rc4 37. Rd1 Bf4+ 38. Kh3 Ba6 39. Rd3 Nxe5 40. Bxe5 Bxe5 41. Re3 1/2-1/2

[Event "Mittelfranken-chTB2b 1920"]
[Site "Mittelfranken"]
[Date "2019.11.03"]
[Round "2.2"]
[White "Duong, Ba Duc"]
[Black "Quaschner, Manuel"]
[Result "1/2-1/2"]
[WhiteElo "1765"]
[BlackElo "2084"]
[PlyCount "66"]
[EventDate "2019.10.13"]
[EventType "team-tourn"]
[EventRounds "9"]
[EventCountry "GER"]
[SourceTitle "EXT 2023"]
[Source "ChessBase"]
[SourceDate "2022.10.05"]
[SourceVersion "1"]
[SourceVersionDate "2022.10.05"]
[SourceQuality "1"]
[WhiteTeam "Nuernberg SK 1911 II"]
[BlackTeam "Grossenseebach"]
[WhiteTeamCountry "GER"]
[BlackTeamCountry "GER"]

1. e4 c5 2. Nc3 Nc6 3. f4 g6 4. Nf3 Bg7 5. g3 e6 6. Bg2 Nge7 7. 0-0 0-0 8. d3 d6 9. Be3 Nd4 10. Qd2 Rb8 11. Nd1 b5 12. c3 Nxf3+ 13. Bxf3 Qc7 14. Rc1 d5 15. Qf2 c4 16. Bxa7 Ra8 17. Bb6 Qc6 18. Bc5 Re8 19. Bxe7 Rxe7 20. exd5 exd5 21. dxc4 bxc4 22. Ne3 Be6 23. Rfd1 Rxa2 24. Bxd5 Qb5 25. Bxe6 Rxe6 26. Rd8+ Bf8 27. Rd5 Qb7 28. Rcd1 Rxb2 29. R1d2 Rxd2 30. Rxd2 Qc6 31. Nc2 Bc5 32. Nd4 Qe8 33. Kg2 Bxd4 1/2-1/2

[Event "Mittelfranken-chTB2b 1819"]
[Site "Mittelfranken"]
[Date "2019.03.03"]
[Round "6.3"]
[White "Arlt, Michael"]
[Black "Duong, Ba Duc"]
[Result "1/2-1/2"]
[WhiteElo "1873"]
[BlackElo "1716"]
[PlyCount "46"]
[EventDate "2018.10.14"]
[EventType "team-tourn"]
[EventRounds "9"]
[EventCountry "GER"]
[SourceTitle "EXT 2022"]
[Source "ChessBase"]
[SourceDate "2021.10.06"]
[SourceVersion "1"]
[SourceVersionDate "2021.10.06"]
[SourceQuality "1"]
[WhiteTeam "Schwanstetten"]
[BlackTeam "Nuernberg SK 1911 II"]
[WhiteTeamCountry "GER"]
[BlackTeamCountry "GER"]

1. e4 e6 2. Nc3 d5 3. Nf3 dxe4 4. Nxe4 Nf6 5. Ng3 Bd6 6. d4 h6 7. Be2 0-0 8. 0-0 b6 9. b3 Bb7 10. c4 Qe7 11. Bb2 c5 12. dxc5 Bxc5 13. Ne5 Rd8 14. Qc2 Nc6 15. Nxc6 Bxc6 16. Bxf6 Qxf6 17. Ne4 Qg6 18. Bf3 Kh8 19. Qe2 Qf5 20. Rad1 Rd4 21. Rxd4 Bxd4 22. Nd2 Bxf3 23. Nxf3 Rd8 1/2-1/2

[Event "Mittelfranken Mitte-ch"]
[Site "Nuremberg"]
[Date "2017.01.05"]
[Round "1"]
[White "Dippel, Joerg"]
[Black "Duong, Ba Duc"]
[Result "1-0"]
[WhiteElo "1805"]
[BlackElo "1328"]
[PlyCount "71"]
[EventDate "2017.01.05"]
[EventType "swiss"]
[EventRounds "7"]
[EventCountry "GER"]
[SourceTitle "EXT 2018"]
[Source "ChessBase"]
[SourceDate "2017.10.13"]
[SourceVersion "1"]
[SourceVersionDate "2017.10.13"]
[SourceQuality "1"]

1. e4 d5 2. exd5 Nf6 3. d4 Nxd5 4. c4 Nf6 5. Nc3 e6 6. Nf3 c5 7. Be3 cxd4 8. Nxd4 Bb4 9. Ndb5 Nbd7 10. a3 Ba5 11. b4 Bb6 12. Qd6 Qe7 13. Bxb6 Nxb6 14. Nc7+ Kf8 15. Qxe7+ Kxe7 16. c5 Nbd5 17. N3xd5+ Nxd5 18. Nxa8 Bd7 19. Bc4 Rxa8 20. Bxd5 exd5 21. Kd2 Kf6 22. Rhe1 Rd8 23. Kd3 Be6 24. Kd4 h5 25. Re3 Rc8 26. Rc1 b6 27. Rec3 b5 28. Ra1 Rc6 29. a4 a6 30. axb5 axb5 31. Ra7 g6 32. Rca3 Kf5 33. Rb7 Kf4 34. Rxb5 g5 35. h3 f5 36. Rf3# 1-0